000 00892cab a2200205 4500
001 ##L134755
008 060830n2006 000 0 eng u
035 _a(Sirsi) u134755
041 _aeng
100 1 _aImpey, Louise
245 0 0 _aTime to catch up with the world
260 _c2006
490 0 _aFarmers' Weekly
_v144(20) 19 May 2006, 32-34(3)
520 _aLooks at the opportunities and challenges in the new markets involving growing crops for biofuel and biomass. Examines bioethanol and biodiesel and lists the key biofuel players. Provides a case study of a farmer who has become a fuel processor and assesses the economic case for turning oilseed rape into biofuel. See also L134757 and L134759.
651 4 _aUnited Kingdom
_y
690 _aENVIRONMENTAL AND LAND CONSULTANCY-ENERGY-RENEWABLE ENERGY
700 1 _aTasker, Johann
700 1 _aWatts, Andrew
942 _n0
999 _c77637
_d77637